000 00827nam a2200253Ia 4500
003 OSt
005 20221005112817.0
006 a|||||r|||| 00| 0
007 ta
008 221004b |||||||| |||| 00| 0 pan d
020 _a8182990025 (hbk)
_c400
024 _a94666
037 _b72862, 31/12/2008, Arsee Publishers
_cTextual
040 _aCRL
_cCRL
_bpan
041 _2pan
_apan
082 _aO153,1N22x, P4
100 _aਸਿੰਘ, ਨਰਿੰਦਰਪਾਲ
245 0 _aਆਬਾਰਾਂ
260 _aਦਿੱਲੀ
_bਆਰਸੀ ਭਾਰਤ
_c2004
300 _a378ਪੰ
_ccm.
650 _aਪੰਜਾਬੀ ਸਾਹਿਤ
942 _hO153,1N22x, P4
_cTEXL
_2cc
999 _c1026048
_d1026048